Statistics for Religion in Moldova

Click here to take the quiz!

General Stats

  • This quiz has been taken 26 times
  • The average score is 2 of 3

Answer Stats

PercentageReligion% Correct
92%Orthodox
91%
2%None
61%
6%Christian
52%

Score Distribution

Percentile by Number Answered

Percent of People with Each Score

Your Score History

You have not taken this quiz